Tratado de semiótica general / (Registro nro. 13080)
[ vista simple ]
| 000 -LIDER | |
|---|---|
| fixed length control field | 00588nam a2200193 4500 |
| 003 - IDENTIFICACDOR DE NÚMERO DE CONTROL | |
| control field | DO-SdBNP |
| 005 - DATE AND TIME OF LATEST TRANSACTION | |
| control field | 20171124111210.0 |
| 008 - ELEMENTOS DE LONGITUD FIJA | |
| fixed length control field | 171124b mx1978||||| |||| 00| 0 spa d |
| 040 ## - FUENTE DE CATALOGACIÓN | |
| Agencia que crea de manera original el registro | BPMSU |
| Idioma de catalogación | spa |
| Agencia que realiza la transcripción | BPMSU |
| 100 ## - ASIENTO PRINCIPAL -- NOMBRE PERSONAL | |
| Nombre personal | Eco, Umberto |
| 240 ## - TITULO UNIFORME | |
| Título uniforme | A theory of semiotics |
| Idioma de una obra | Español |
| 245 ## - MENCIÓN DE TITULO | |
| Título | Tratado de semiótica general / |
| Mención de responsabilidad | Umberto Eco; traducido por Carlos Manzano |
| 260 ## - PUBLICACIÓN, DISTRIBUCIÓN, ETC. (PIE DE IMPRENTA) | |
| Lugar de publicación, distribución, etc | México, D.F.: |
| Nombre del editor, distribuidor, etc. | Nueva Imagen, |
| Fecha de publicación, distribución, etc | 1978 |
| 300 ## - DESCRIPCIÓN FÍSICA | |
| Extensión | 512p.: |
| Dimensiones | 19cm. |
| 505 ## - NOTA DE CONTENIDO | |
| Texto normalizado de contenido | Bibliografía: p.481-512 |
| 700 ## - ASIENTO SECUNDARIO -- NOMBRE PERSONAL | |
| Nombre personal | Manzano, Carlos |
| Mención de responsabilidad | trad. |
| 942 ## - ADDED ENTRY ELEMENTS (KOHA) | |
| Source of classification or shelving scheme | Dewey Decimal Classification |
| Koha item type | Libros |
| 945 ## - INFORMACIÓN DE PROCESAMIENTO LOCAL | |
| Información de procesamiento local | Inventariado, 2017/MFF |
| Withdrawn status | Lost status | Source of classification or shelving scheme | Damaged status | Not for loan | Collection code | Home library | Current library | Date acquired | Total Checkouts | Barcode | Date last seen | Price effective from | Koha item type |
|---|---|---|---|---|---|---|---|---|---|---|---|---|---|
| Dewey Decimal Classification | Colección General | Biblioteca Pública Metropolitana Salomé Ureña | Biblioteca Pública Metropolitana Salomé Ureña | 11/24/2017 | BPMSU17110413 | 11/24/2017 | 11/24/2017 | Libros |